000 00341nam a2200145Ia 4500
008 150201s2005 xx 000 0 und d
082 _a611
_bA05W
100 _aWASTON , ROGER
245 _aANATOMY & PHYSIOLOGY FOR NURSES
250 _a11TH
260 _bELSEVIER
_aINDIA
_c2005
300 _a393
650 _aANATOMY
942 _2ddc
_cBK
_05
999 _c1899
_d1899